Stories of true financial freedom : (Record no. 4669)
[ view plain ]
| 000 -LEADER | |
|---|---|
| fixed length control field | 01103cam a22002895a 4500 |
| 001 - CONTROL NUMBER | |
| control field | 14354606 |
| 003 - CONTROL NUMBER IDENTIFIER | |
| control field | AUA.1 |
| 005 - DATE AND TIME OF LATEST TRANSACTION | |
| control field | 20160209130756.0 |
| 008 - FIXED-LENGTH DATA ELEMENTS--GENERAL INFORMATION | |
| fixed length control field | 060426s2006 flu 000 0 eng |
| 010 ## - LIBRARY OF CONGRESS CONTROL NUMBER | |
| LC control number | 2006926539 |
| 020 ## - INTERNATIONAL STANDARD BOOK NUMBER | |
| International Standard Book Number | 0882701150 (alk. paper) |
| 040 ## - CATALOGING SOURCE | |
| Original cataloging agency | DLC |
| Transcribing agency | DLC |
| 042 ## - AUTHENTICATION CODE | |
| Authentication code | pcc |
| 050 ## - LIBRARY OF CONGRESS CALL NUMBER | |
| Classification number | HG 179 |
| Item number | .D368 2006 |
| 100 1# - MAIN ENTRY--PERSONAL NAME | |
| Personal name | Crown Financial Ministries |
| Dates associated with a name | 1943- |
| 9 (RLIN) | 16785 |
| 245 10 - TITLE STATEMENT | |
| Title | Stories of true financial freedom : |
| Remainder of title | crown's money map in real lives / |
| Statement of responsibility, etc | Howard Dayton. |
| 260 ## - PUBLICATION, DISTRIBUTION, ETC. (IMPRINT) | |
| Place of publication, distribution, etc | Orlando, FL : |
| Name of publisher, distributor, etc | Bridge-Logos, |
| Date of publication, distribution, etc | 2006. |
| 263 ## - PROJECTED PUBLICATION DATE | |
| Projected publication date | 0605 |
| 300 ## - PHYSICAL DESCRIPTION | |
| Extent | xv, 196p.: |
| Other physical details | ill.; |
| Dimensions | 22 cm. |
| 650 ## - SUBJECT ADDED ENTRY--TOPICAL TERM | |
| Topical term or geographic name as entry element | Finance, Personal |
| General subdivision | Biblical teaching |
| 9 (RLIN) | 52620 |
| 650 ## - SUBJECT ADDED ENTRY--TOPICAL TERM | |
| Topical term or geographic name as entry element | Finance, Personal |
| General subdivision | Religious aspects |
| -- | Christianity |
| 9 (RLIN) | 52621 |
| 700 ## - ADDED ENTRY--PERSONAL NAME | |
| Personal name | Dayton, Howard |
| 9 (RLIN) | 19561 |
| 906 ## - LOCAL DATA ELEMENT F, LDF (RLIN) | |
| a | 0 |
| b | ibc |
| c | orignew |
| d | 2 |
| e | epcn |
| f | 20 |
| g | y-gencatlg |
| 942 ## - ADDED ENTRY ELEMENTS (KOHA) | |
| Source of classification or shelving scheme | Library of Congress Classification |
| Koha item type | Books |
| Classification part | HG 179 |
| Item part | .D368 2006 |
| Withdrawn status | Lost status | Source of classification or shelving scheme | Damaged status | Not for loan | Collection code | Home library | Current library | Shelving location | Date acquired | Source of acquisition | Cost, normal purchase price | Serial Enumeration / chronology | Total Checkouts | Full call number | Barcode | Date last seen | Date checked out | Cost, replacement price | Price effective from | Koha item type |
|---|---|---|---|---|---|---|---|---|---|---|---|---|---|---|---|---|---|---|---|---|
| Library of Congress Classification | Books | Judith Thomas Library | Judith Thomas Library | General Stacks | 06/12/2011 | Bought by JTL | 13.99 | AUA005493 | 1 | HG 179 .D368 2006 | AUA005493 | 18/08/2016 | 11/08/2016 | 13.99 | 06/12/2011 | Books |